Nazwi zespół wykonujący piosenkę(wersja polska) - Statystyki

Ogólne statystyki
  • Ten quiz został rozwiązany 260 razy
  • Średni wynik to 10 z 15
Statystyki odpowiedzi
TYTUŁ ZESPÓŁ % Poprawnych
Biała armia Bajm
87%
wehikuł czasu Dżem
82%
Jak anioła głos Feel
81%
Słodkiego miłego życia Kombi
81%
Zawsze tam gdzie ty Lady Pank
81%
Agnieszka Łzy
79%
Cykady na Cykladach Maanam
78%
Jolka, Jolka Budka Suflera
74%
Boso Zakopower
74%
Ona jest ze snu Ira
60%
Chodź pomaluj mój świat 2 plus 1
51%
Biała Flaga Republika
51%
Na krawędzi życia Wilki
36%
Nice LemOn
26%
Ostatni raz Enej
17%
Nie znaleziono quizów pasujących do podanych kryteriów
Rozkład punktacji
Procent ludzi z każdym wynikiem
Percentyl według liczby udzielonych odpowiedzi
Twoja historia wyników
Nie rozwiązałeś tego quizu